Masculinity, Asceticism, Hinduism (Record no. 15821)

MARC details
000 -LEADER
fixed length control field 00667nam a2200241 a 4500
020 ## - INTERNATIONAL STANDARD BOOK NUMBER
ISBN 9788178242989
082 00 - DEWEY DECIMAL CLASSIFICATION NUMBER
Classification number 294.577
Author Cutter CHA
100 ## - MAIN ENTRY--AUTHOR NAME
Author name Chakraborty, Chandrima
245 ## - TITLE STATEMENT
Title Masculinity, Asceticism, Hinduism
Sub title Past and Present Imaginings of India
260 ## - PUBLICATION, DISTRIBUTION, ETC. (IMPRINT)
Place of publication Delhi
Name of publisher Permanent Black
Year of publication 2011
300 ## - PHYSICAL DESCRIPTION
Number of Pages 263p
500 ## - GENERAL NOTE
General note includes index and biblioraphy
505 2# - FORMATTED CONTENTS NOTE
Formatted contents note Bibliography, Index
650 ## - SUBJECT ADDED ENTRY--TOPICAL TERM
Topical Term Hinduism and Politics
942 ## - ADDED ENTRY ELEMENTS (KOHA)
Koha item type Books
700 1# -
-- Chakraborty, Chandrima
Holdings
Collection code Home library Current library Date acquired Cost, normal purchase price Full call number Accession Number Koha item type
  Henry Martyn Institute Library Henry Martyn Institute Library 08/04/2011 695.00 294.577 CHA 023649 Books
                   Copyright © 2026 | Henry Martyn Institute | Hyderabad | TS-500052 | INDIA | Implemented by hmi.edu.in
Hit-Count:

Powered by Koha